| 000 | 00628nam a2200217Ia 4500 | ||
|---|---|---|---|
| 003 | OSt | ||
| 005 | 20230331115946.0 | ||
| 008 | 210423s2005 xx 000 0 und d | ||
| 020 | _a81-260-2171-3 | ||
| 040 | _cAL | ||
| 041 | _aeng | ||
| 082 |
_a891.409 _223 _bDASH |
||
| 100 |
_aDAS (Sisir Kumar) _980839 |
||
| 245 | _aHistory of Indian literature 500-1399: from courtly to the popular | ||
| 260 |
_aNew Delhi _bSahitya Akademi _c2005 |
||
| 300 |
_axiii,302 _bHB |
||
| 365 |
_b200 _cINR |
||
| 650 |
_aIndic Literature _980840 |
||
| 906 | _a500-1399: ; courtly ; History ; Indian ; literature ; popular | ||
| 942 |
_2ddc _cBK |
||
| 999 |
_c168905 _d168905 |
||